000 01739cam a2200337 i 4500
003 SA-RiAUC
005 20241215084308.0
008 241213s2007 su fko g b f00100 ara c
020 _a9960708373
020 _a9960374912
040 _aSA-RiKAPL
_bara
_cSA-RiAUC
_erda
043 _aa-su---
082 0 4 _a953.121
_qSA-RiAUC
090 _a953.121
_bح ا ر
100 1 _aالحارثي، ناصر بن علي بن عيضة،
_d1381-1430 هجري
_eمؤلف.
245 1 2 _aالتطور العمراني لمدن الحج والمشاعر المقدسة في عهد الملك عبد العزيز /
_cتأليف ناصر بن علي الحارثي.
264 1 _aالرياض :
_bمكتبة الملك عبد العزيز العامة،
_c2007
300 _a600 صفحة :
_bأشكال، صور، لوحات ؛
_c25 × 18 سم.
336 _aنص
_btxt
_2rdacontent
_3كتاب
337 _aبدون وسيط
_bn
_2rdamedia
338 _aمجلد
_bnc
_2rdacarrier
490 0 _aسلسلة الأعمال المحكمة ؛
_v100
500 _aكشافات : صفحة 454-598.
504 _aببليوجرافية : صفحة 143-159.
650 7 _aتخطيط المدن
_zمكة المكرمة
_yعبد العزيز بن عبد الرحمن، 1319-1373 هجري
_2aucsh
650 7 _aتخطيط المدن
_zالمدينة المنورة
_yعبد العزيز بن عبد الرحمن، 1319-1373 هجري
_2aucsh
650 7 _aالأماكن المقدسة
_zالسعودية
_xتخطيط
_yعبد العزيز بن عبد الرحمن، 1319-1373 هجري
_2aucsh
856 _uhttps://Dsdelta.aruc.org/xmlui/bitstream/handle/123456789/2905/1117911.pdf
_yDigital Copy
942 _2ddc
_cBOOK
_n0
949 _aSA-JeALM
_d241213
_uosman123
_n1
999 _c3520
_d3520